Statistiques concernant Pays par footballeur par image (version très facile)

Cliquez ici pour prendre le quiz!

Statistiques générales

  • Ce quiz a été pris 297 fois
  • Le résultat moyen est 15 sur 16

Statistiques - réponses

Réponse% Correct
France
100%
Argentine
98%
Brésil
98%
Portugal
98%
France
97%
Brésil
96%
Norvège
96%
Angleterre
95%
Belgique
95%
Suède
95%
Pologne
94%
Argentine
93%
Belgique
93%
Brésil
93%
Égypte
93%
Uruguay
88%

Distribution des résultats

Percentile par nombre de réponses

% des personnes avec chaque résultat

Votre développement - résultats

Vous n’avez pas pris ce quiz